[Nákup v podniku]

Recenzia na publikáciu, ktorá sa orientuje na problémy podnikového nákupu v súčasnom období a poukazuje na smery a možnosti zlepšovania procesov a aktivít podniku v oblasti nákupu.

Na minha lista:
Detalhes bibliográficos
Autor principal: Matušovičová, Monika, 1967-
Formato: Capítulo de Livro
Idioma:eslovaco
Assuntos:
Tags: Adicionar Tag
Sem tags, seja o primeiro a adicionar uma tag!

MARC

LEADER 00000naa a2200000 4500
001 0142379
005 20240502072542.6
041 0 |a slo 
044 |a SK 
245 1 0 |a [Nákup v podniku]  |c Monika Matušovičová 
520 |a Recenzia na publikáciu, ktorá sa orientuje na problémy podnikového nákupu v súčasnom období a poukazuje na smery a možnosti zlepšovania procesov a aktivít podniku v oblasti nákupu. 
610 2 0 |a recenzie 
610 2 0 |a nákup 
610 2 0 |a procesy podnikové 
610 2 0 |a efektívnosť ekonomická 
610 2 0 |a vzťahy dodávateľsko-odberateľské 
100 1 |a Matušovičová, Monika, 1967-